• 首页
  • 本馆介绍
  • 公告通知
  • 最新文献
  • 馆藏检索
  • 电子资源
  • 读者导购
  • 参考咨询
  • 我的图书馆
  • 登录
  • 详细信息显示
  • 放入我的书架
  • 预约/预借图书
  • 作者相关作品
  • 分类相关作品
  • 丛书相关作品
  • 出版社相关作品

书目信息

  • 表格格式
  • 工作单格式
  • 卡片格式
题名:
外国文化与国情
    
 
作者: 李爱文 主编
分册:  
出版信息: 北京   中国商务出版社  2007
页数: 380页
开本: 21cm
丛书名:
单 册:
中图分类: K103-53
科图分类:
主题词: 文化史--世界--文集 , 文化史
电子资源:
ISBN: 978-7-80181-711-2
000 00734nam0 2200229 450
001 1253058201
005 20121007144454.85
010    @a978-7-80181-711-2@dCNY25.00
100    @a20070327d2007 em y0chiy50 ea
101 0  @achi
102    @aCN@b110000
105    @ay z 000yy
200 1  @a外国文化与国情@Awai guo wen hua yu guo qing@f李爱文主编
210    @a北京@c中国商务出版社@d2007
215    @a380页@d21cm
330    @a本书是对外经济贸易大学外语学院研究生在读期间的部分研究成果,包括对各国语言、文学以及区域国别政治、经济、文化的研究。
606 0  @a文化史@y世界@j文集
606 0  @a文化史
690    @aK103-53@v4
701  0 @a李爱文@Ali ai wen@f(1953~)@4主编
801  0 @aCN@bNLC@c20101222
905    @a10447@dK103-53@eJY69
    
    外国文化与国情/李爱文主编.-北京:中国商务出版社,2007
    380页;21cm
    
    
    ISBN 978-7-80181-711-2:CNY25.00
    本书是对外经济贸易大学外语学院研究生在读期间的部分研究成果,包括对各国语言、文学以及区域国别政治、经济、文化的研究。
●
相关链接 在E读中查询图书 在五车中查询图书 在当当中查询图书 在豆瓣中查询图书


正题名:外国文化与国情     索取号:K103-53/JY69         预约/预借

序号 登录号 条形码 馆藏地/架位号 状态 备注
1 7831304   278313040   学院路分馆/ [索取号:K103-53/JY69] 在馆    
2 7831305   278313059   学院路分馆/ [索取号:K103-53/JY69] 在馆    
唐山师范学院图书馆 欢迎您!
大连网信软件有限公司© 版权所有